Statistiques concernant Six pays les plus proches - Yémen

Cliquez ici pour prendre le quiz!

Statistiques générales

  • Ce quiz a été pris 63 fois
  • Le résultat moyen est 5 sur 6

Statistiques - réponses

kmpays% Correct
0Arabie Saoudite
98%
0Oman
92%
20Djibouti
67%
29Érythrée
65%
133Somalie
65%
109Éthiopie
63%

Distribution des résultats

Percentile par nombre de réponses

% des personnes avec chaque résultat

Votre développement - résultats

Vous n’avez pas pris ce quiz